|
|
|
|
| LEADER |
00000nam0a2200000 4500 |
| 001 |
124470 |
| 005 |
20231031130932.0 |
| 010 |
|
|
|a 5020288071
|
| 035 |
|
|
|a (RuTPU)RU\TPU\book\134704
|
| 090 |
|
|
|a 124470
|
| 100 |
|
|
|a 20071101d1988 k y0rusy50 ca
|
| 101 |
0 |
|
|a rus
|
| 102 |
|
|
|a RU
|
| 105 |
|
|
|a a z 001zy
|
| 200 |
1 |
|
|a Термобарогеохимические исследования процессов минералообразования
|f Академия наук СССР, Сибирское отделение ; под ред. Н. В. Соболева; И. Т. Бакуменко
|
| 210 |
|
|
|a Новосибирск
|c Наука
|d 1988
|
| 215 |
|
|
|a 217 с.
|c ил.
|
| 225 |
1 |
|
|a Труды института геологии и геофизики СО АН СССР
|h Вып. 733
|
| 320 |
|
|
|a Библиография в конце статей
|
| 610 |
1 |
|
|a минералообразование
|
| 610 |
1 |
|
|a рудообразование
|
| 610 |
1 |
|
|a термобарогеохимические исследования
|
| 610 |
1 |
|
|a физико-химические условия
|
| 610 |
1 |
|
|a прогнозирование
|
| 610 |
1 |
|
|a поиски
|
| 675 |
|
|
|a 553.21/.24
|v 3
|
| 702 |
|
1 |
|a Соболев
|b Н. В.
|g Николай Владимирович
|4 340
|
| 702 |
|
1 |
|a Бакуменко
|b И. Т.
|4 340
|
| 712 |
0 |
2 |
|a Академия наук СССР
|b Сибирское отделение
|2 stltpush
|3 (RuTPU)RU\TPU\col\11215
|
| 801 |
|
1 |
|a RU
|b 63413507
|c 20071101
|g PSBO
|
| 801 |
|
2 |
|a RU
|b 63413507
|c 20080424
|g PSBO
|
| 942 |
|
|
|c BK
|